000
00222nam a2200085Ia 4500
008
120527s9999 xx 000 0 und d
100
_a
Halgin, p. ricahrd
245
_a
Taking sides: issues in abnormal psychology
942
_c
BK
999
_c
27551
_d
27551